Archivmaterialien zu Émile Zola, 1840-1902

Gespeichert in:  
Bibliographische Detailangaben
1. VerfasserIn: Zola, Émile 1840-1902 (Verfasst von)
Medienart: Elektronisch Archivmaterial
Sprache:Deutsch
In:Jahr: 2019
Online-Zugang: Archivdatenbank (Archivportal-D)
Archivdatenbank (Kalliope Verbundkatalog)
Verfügbarkeit prüfen: HBZ Gateway

MARC

LEADER 00000npc a22000002 4500
001 LR118637223
003 PipeLineGenerated
005 20260508112529.0
008 190606s2019 xx ||||| 00| ||ger c
100 |a Zola, Émile  |0 (DE-588)118637223  |0 (DE-627)133403548  |d 1840-1902 
245 |a Archivmaterialien zu Émile Zola, 1840-1902 
856 |u https://kalliope-verbund.info/gnd/118637223  |3 Archivdatenbank (Kalliope Verbundkatalog) 
856 |u https://www.archivportal-d.de/person/gnd/118637223  |3 Archivdatenbank (Archivportal-D) 
ELC |a 1